Statistics for Top 10 Italian male christian names in 2016 births

Click here to take the quiz!

General Stats

  • This quiz has been taken 63 times
  • The average score is 5 of 10

Answer Stats

Answer% Correct
Luca
74%
Marco
72%
Andrea
64%
Alessandro
64%
Matteo
62%
Francesco
60%
Lorenzo
43%
Davide
40%
Stefano
31%
Frederico
7%

Score Distribution

Percentile by Number Answered

Percent of People with Each Score

Your Score History

You have not taken this quiz